El movimiento libertario español : (Record no. 108945)
[ view plain ]
| 000 -LEADER | |
|---|---|
| campo de control de longitud fija | 01857nam a2200481 i 4500 |
| 001 - NÚMERO DE CONTROL | |
| campo de control | 108945 |
| 003 - IDENTIFICADOR DE NÚMERO DE CONTROL | |
| campo de control | ES-MaACL |
| 005 - FECHA Y HORA DE LA ÚLTIMA TRANSACCIÓN | |
| campo de control | 20250913063053.0 |
| 007 - CAMPO FIJO DE DESCRIPCIÓN FÍSICA--INFORMACIÓN GENERAL | |
| campo de control de longitud fija | t| |
| 008 - DATOS DE LONGITUD FIJA--INFORMACIÓN GENERAL | |
| campo de control de longitud fija | 061121s1974 fr r ||||1| spa d |
| 040 ## - FUENTE DE CATALOGACIÓN | |
| Centro/agencia transcriptor | ES-MaACL |
| 245 03 - MENCIÓN DEL TÍTULO | |
| Título | El movimiento libertario español : |
| Resto del título | pasado, presente y futuro. |
| 260 ## - PUBLICACIÓN, DISTRIBUCIÓN, ETC. | |
| Lugar de publicación, distribución, etc. | París : |
| Nombre del editor, distribuidor, etc. | Ruedo Ibérico, |
| Fecha de publicación, distribución, etc. | 1974. |
| 300 ## - DESCRIPCIÓN FÍSICA | |
| Extensión | 348 páginas : |
| Otras características físicas | ilustrado blanco y negro ; |
| Dimensiones | 21 cm. |
| 490 1# - MENCIÓN DE SERIE | |
| Mención de serie | Cuadernos de Ruedo Ibérico ; |
| Designación de volumen o secuencia | suplemento |
| 610 24 - PUNTO DE ACCESO ADICIONAL DE MATERIA--NOMBRE DE ENTIDAD CORPORATIVA | |
| Nombre de entidad corporativa o nombre de jurisdicción como elemento de entrada | Movimiento Libertario Español |
| 9 (RLIN) | 5775 |
| 610 24 - PUNTO DE ACCESO ADICIONAL DE MATERIA--NOMBRE DE ENTIDAD CORPORATIVA | |
| Nombre de entidad corporativa o nombre de jurisdicción como elemento de entrada | Confederación Nacional del Trabajo (España) |
| 9 (RLIN) | 3165 |
| 610 24 - PUNTO DE ACCESO ADICIONAL DE MATERIA--NOMBRE DE ENTIDAD CORPORATIVA | |
| Nombre de entidad corporativa o nombre de jurisdicción como elemento de entrada | Federación Anarquista Ibérica |
| 9 (RLIN) | 172559 |
| 650 #4 - PUNTO DE ACCESO ADICIONAL DE MATERIA--TÉRMINO DE MATERIA | |
| Término de materia o nombre geográfico como elemento de entrada | Anarcosindicalismo |
| 9 (RLIN) | 9778 |
| 650 #7 - PUNTO DE ACCESO ADICIONAL DE MATERIA--TÉRMINO DE MATERIA | |
| Término de materia o nombre geográfico como elemento de entrada | Anarquismo- |
| Subdivisión geográfica | España- |
| Subdivisión de forma | Historia |
| 9 (RLIN) | 151458 |
| 655 #7 - TERMINO DE INDIZACIÓN--GENERO/FORMA | |
| Fuente del término | tgfbne |
| 9 (RLIN) | 193653 |
| Datos o término principal de género/forma | Libros ilustrados |
| 655 #0 - TERMINO DE INDIZACIÓN--GENERO/FORMA | |
| 9 (RLIN) | 176636 |
| Datos o término principal de género/forma | Ensayos |
| 700 1# - ENTRADA AGREGADA--NOMBRE PERSONAL | |
| Nombre de persona | Jong, Rudolf de |
| Término indicativo de función/relación | Autor |
| 9 (RLIN) | 242249 |
| 700 1# - ENTRADA AGREGADA--NOMBRE PERSONAL | |
| Nombre de persona | Brey, Gerard |
| Término indicativo de función/relación | Autor |
| 9 (RLIN) | 242250 |
| 700 1# - ENTRADA AGREGADA--NOMBRE PERSONAL | |
| 9 (RLIN) | 79254 |
| Nombre de persona | Maurice, Jacques, |
| Fechas asociadas al nombre | 1934-2013 |
| Término indicativo de función/relación | Autor |
| 700 1# - ENTRADA AGREGADA--NOMBRE PERSONAL | |
| 9 (RLIN) | 90462 |
| Nombre de persona | Peregrin Otero, Carlos |
| Término indicativo de función/relación | Autor |
| 700 1# - ENTRADA AGREGADA--NOMBRE PERSONAL | |
| 9 (RLIN) | 38607 |
| Nombre de persona | Chomsky, Noam, |
| Fechas asociadas al nombre | 1928- |
| Término indicativo de función/relación | Autor |
| 700 1# - ENTRADA AGREGADA--NOMBRE PERSONAL | |
| Nombre de persona | Stuart Christie, James |
| Término indicativo de función/relación | Autor |
| 9 (RLIN) | 242251 |
| 700 1# - ENTRADA AGREGADA--NOMBRE PERSONAL | |
| Nombre de persona | Fonseca, Carlos da |
| Término indicativo de función/relación | Autor |
| 9 (RLIN) | 242252 |
| 700 1# - ENTRADA AGREGADA--NOMBRE PERSONAL | |
| 9 (RLIN) | 81382 |
| Nombre de persona | Mintz, Frank |
| Término indicativo de función/relación | Autor |
| 700 1# - ENTRADA AGREGADA--NOMBRE PERSONAL | |
| 9 (RLIN) | 54560 |
| Nombre de persona | García Durán, Juan |
| Término indicativo de función/relación | Autor |
| 700 1# - ENTRADA AGREGADA--NOMBRE PERSONAL | |
| Nombre de persona | Gómez Peláez, Fernando |
| Término indicativo de función/relación | Autor |
| 9 (RLIN) | 242253 |
| 700 1# - ENTRADA AGREGADA--NOMBRE PERSONAL | |
| Nombre de persona | Meltzer, Albert |
| Término indicativo de función/relación | Autor |
| 9 (RLIN) | 242254 |
| 700 1# - ENTRADA AGREGADA--NOMBRE PERSONAL | |
| Nombre de persona | Orero, Felipe |
| Término indicativo de función/relación | Autor |
| 9 (RLIN) | 242255 |
| 700 1# - ENTRADA AGREGADA--NOMBRE PERSONAL | |
| 9 (RLIN) | 17923 |
| Nombre de persona | Abad de Santillán, Diego, |
| Fechas asociadas al nombre | 1897-1983 |
| Término indicativo de función/relación | Autor |
| 700 1# - ENTRADA AGREGADA--NOMBRE PERSONAL | |
| 9 (RLIN) | 240806 |
| Nombre de persona | Seguí, Salvador, |
| Fechas asociadas al nombre | 1887-1923 |
| Término indicativo de función/relación | Autor |
| 710 2# - ENTRADA AGREGADA--NOMBRE DE ENTIDAD CORPORATIVA | |
| Nombre de entidad corporativa o nombre de jurisdicción como elemento de entrada | Éditions Ruedo ibérico |
| 9 (RLIN) | 145333 |
| 830 1# - PUNTO DE ACCESO ADICIONAL DE SERIE-TÍTULO UNIFORME | |
| Título uniforme | Cuadernos de Ruedo ibérico ; |
| Designación de volumen o secuencia | suplemento |
| 9 (RLIN) | 185038 |
| 852 ## - LOCALIZACIÓN | |
| Ubicación | ES-MaACL |
| Número de control de estantería | L-2860 |
| itemnumber | 113074 |
| Ubicación en estantería | Depósito 2 |
| Encuadernación | Encuadernación rústica |
| 942 ## - ELEMENTOS DE ENTRADA SECUNDARIOS (KOHA) | |
| Tipo de ítem Koha | Libro impreso |
| Suprimir en OPAC | No |
| Estatus retirado | Estado de pérdida | Estado de daño | No para préstamo | Biblioteca de origen | Biblioteca actual | Ubicación en estantería | Fecha de adquisición | Fuente de adquisición | Total de préstamos | Signatura topográfica completa | Código de barras | Visto por última vez | Precio de reemplazo | Tipo de ítem Koha |
|---|---|---|---|---|---|---|---|---|---|---|---|---|---|---|
| Biblioteca del Ateneo de Madrid | Biblioteca del Ateneo de Madrid | Depósito 2 | 17/01/2008 | L-2860 | 1113677 | 23/02/2023 | 23/02/2023 | Libro impreso |
